| 000 | 00699 a2200193 4500 | ||
|---|---|---|---|
| 020 | _a1441920358 | ||
| 020 | _a9781441920355 | ||
| 082 | 0 | 4 | _a530.1522 |
| 090 |
_c1405 _d1405 |
||
| 100 | 1 | _aSinger, Stephanie Frank. | |
| 245 | 1 | 0 |
_aLinearity, symmetry, and prediction in the hydrogen atom / _cStephanie Frank Singer. |
| 260 |
_a[S.l.] : _bSpringer, _c2005. |
||
| 300 |
_a412 p. ; _c23 cm. |
||
| 490 | 1 | _aUndergraduate texts in mathematics. | |
| 700 | _aSinger, Stephanie Frank. | ||
| 830 | 0 | _aUndergraduate texts in mathematics. | |
| 942 |
_aSNS _cBK _k530.1522 SIN |
||
| 999 |
_c30017 _d30017 |
||